000 01013nji a22002657a 4500
005 20100907113530.0
006 a|||||r|||||00| 0
007 sd ammalaaahaa
008 100830t xxu||||| |||| 00| 0 eng d
028 _aGE.33511
_bColumbia
035 _aGR-01064
040 _aSED
_cSED
100 _917455
_aLata
245 _aGhunghat /
_csung by Lata; lyric by Shakeel Badayuni; music by Ravi
_h[sound recording] :
246 _aघूँघट /
260 _aDum Dum, India
_bColumbia
300 _a1 sound disc [Gramophone Recording]:
_banalog, 33 1/3 rpm
_c9.5 in. (MP)
_fGramophone Record
500 _aBrief Record
505 _aSide-1 छम छम बाजे (Cham cham baje) (Lata) Side-2 हायरे इन्सानकी (Hayere insanki) (Rafi)
650 _aMotion Picture Music
_zIndia
_91186
_xExcerpts
700 _aShakeel Badayuni
_918685
700 _aRavi
_918686
942 _2ddc
_cGR
999 _c44165
_d44165